000 00372nam a2200145 4500
040 _c0
082 _a891.4393,AHM
100 _aAhmed, Umera
_9134394
245 _aMan o salwa (من و سلویٰ) /
_cUmera Ahmed
260 _aLahore
_bIlm o Irfan
_c2017
300 _a640 p.;
650 _aNoval
_9107828
651 _aUrdu
_9134395
942 _2ddc
_cFIC
_k891.4393,AHM
999 _c617375
_d617375